00000000nam 2200000za 4500
0019.687693
003CaOODSP
00520230112131216
007cr |||||||||||
008150407s2005    onc|||||o    f|0| 0 eng d
020 |a0-662-41156-0
040 |aCaOODSP|beng
043 |an-cn---
0861 |aCR22-42/2006E-PDF
1102 |aSocial Sciences and Humanities Research Council of Canada.
24510|aStrategic plan 2006-2011 |h[electronic resource] : |bknowledge council.
24615|aKnowledge Council - SSHRC, 2006-2011
260 |aOttawa : |bSocial Sciences and Humanities Research Council, |c2005.
300 |a30 p.
5203 |aThis strategic plan presents the Council’s vision, values, and context that shape its strategic direction. To implement the plan, the Council’s actions will fall into three categories: retool and fine-tune programs; new programs, new approaches; and build the Knowledge Council. Includes a budget and a profile of the Council’s community.
590 |a06-35|b2006-09-01
69007|aHumanities|2gcpds
69007|aSocial sciences|2gcpds
69007|aStrategic management|2gcpds
77508|tPlan stratégique 2006-2011 |w(CaOODSP)9.632137
7760#|tSocial Sciences and Humanities Research Council - strategic plan 2006-2011 : |w(CaOODSP)9.666747
7760#|tConseil de recherches en sciences humaines du Canada - plan stratégique 2006-2011 : |w(CaOODSP)9.666748
794 |tStrengthening Canada's cultures of innovation |w(CaOODSP)9.507520
85640|ahttp://publications.gc.ca|qPDF|s319 KB|uhttps://publications.gc.ca/collections/Collection/CR22-42-2006E.pdf